000 00875nam a22002777a 4500
001 7288
003 FISKH
005 20250708151349.0
008 250708b cb ||||| |||| 00| 0 eng d
020 _a9780516230641
040 _aFISKH
_beng
_cFISKH
_dFISKH
050 _aTL725.T7 W55
082 _a629.136
100 _aWinne, Joanne
245 _aA day with air traffic controllers /
_cby Joanne Winne
260 _aNew York :
_bChildren's Press,
_c2001
300 _a24 pages :
_bcolor illustrations ;
_c16 cm
490 _aWelcome Books:
_vHard Work
505 _aH
520 _aPhotographs and text provide information about air traffic controllers and how they do their job. Includes a word list.
521 8 _a430
_bLexile estimate
521 8 _aH
_bRaz-Plus
650 _aNatural science
_vAirplanes
942 _2ddc
_cBK
_n0
999 _c7288
_d7288